000 01138na a2200325 4500
001 12657
003 MIRAKIL
005 20181213155208.0
008 160812b tu 000 0
020 _a9786053992554
035 _a12657
040 _aMilas
_btur
_cTR-AnCHP
082 _a150.195
_bM52f 2012
090 _a150.195 M52f 2012
100 _aMıtchell, Stephen A.
245 _aFreud ve sonrası
_bModern psikanalitik düşüncenin tarihi
_cStephen A. Mitchell, Margaret J. Black ; Çeviren Ayhan Eğrilmez
246 _aModern psikanalitik düşüncenin tarihi
260 _aİstanbul
_bİstanbul Bilgi Üniversitesi Yayınları
_c2012
300 _avii, 312 s.
_c23 sm.
490 _aPsikanaliz/Psikoloji dizisi
_v6
490 _aİstanbul Bilgi Üniversitesi yayınları
_v397
500 _aÖzgün yapıt adı : Freud and beyond : a history of modern psychoanalytic thought
504 _aKaynakça ve dizin var.
600 _aFreud, Sigmund
_d1856-1939
_ePsikanaliz
650 _aPsikanaliz
_xTarih
650 _aPsikanaliz
700 _aEğrilmez, Ayhan
700 _aBlack, J. Margaret
942 _2ddc
_cBKS
999 _c8344
_d8344